000 00882nam a2200253Ia 4500
003 OSt
005 20220923222223.0
006 a|||||r|||| 00| 0
007 ta
008 ORI
024 _a203,809
037 _cTextual
040 _aARTS
_cARTS
_bORI
041 _2ORI
_aORI
082 _aO1591,3N06,KA, 152K2
100 _aमहान्ति, कान्हूचरण; दास, चित्तरंजन, अनु.
_9166375
245 0 _aका
246 _a
260 _aआगरा
_b शिवलाल अग्रवाल एंड कंपनी
_c1962
300 _a302पृ0
_ccm.
650 _aउड़िया साहित्य
_9156264
942 _hO1591,3N06,KA, 152K2
_cTEXL
_2CC
999 _c354559
_d354559